[Event "DSOL 2021"]
[Site "Germany"]
[Date "2021.03.03"]
[Round "5.2"]
[White "Scholz, Michael"]
[Black "Wendler, Werner"]
[Result "1/2-1/2"]
[WhiteElo "1837"]
[BlackElo "1936"]
[Annotator "TA"]
[PlyCount "124"]
[EventDate "2021.01.18"]
[EventType "team-tourn"]
[EventCountry "GER"]
[SourceTitle "playchess.com"]
[Source "ChessBase"]
[SourceQuality "1"]

1. e4 e6 2. c4 d5 3. exd5 exd5 4. cxd5 Nf6 5. Nc3 Nxd5 6. Qf3 c6 7. Bc4 Be6 8. Nge2 Be7 9. Nxd5 cxd5 10. Bb5+ Nc6 11. Nd4 Qd6 12. O-O O-O 13. Nf5 Bxf5 14. Qxf5 Nd4 15. Qd7 Nxb5 16. Qxb5 Bf6 17. d3 a6 18. Qa4 Rfe8 19. Bf4 Be5 20. Bxe5 Rxe5 21. Rac1 Rae8 22. Qg4 Qe6 23. Qxe6 R5xe6 24. Rc7 R6e7 25. Rxe7 Rxe7 26. Rc1 f6 27. Kf1 Kf7 28. g3 Ke6 29. f4 Kd6 30. Kf2 d4 31. Rc8 Kd5 32. Rd8+ Kc5 33. Rc8+ Kd5 34. a3 Rd7 35. Kf3 f5 36. h3 g6 37. g4 Ke6 38. Rc4 Kd5 39. b4 Re7 40. Rc5+ Kd6 41. gxf5 Re3+ 42. Kg4 Rxd3 43. fxg6 hxg6 44. Rg5 Rd1 45. Rxg6+ Kd7 46. Rg7+ Kc6 47. Kf3 Rd3+ 48. Ke4 Rxh3 49. Kxd4 Rxa3 50. f5 Rf3 51. Ke4 Rf1 52. Ke5 b6 53. Ke6 Re1+ 54. Kf7 a5 55. bxa5 bxa5 56. f6 a4 57. Rg3 Rf1 58. Kg7 Kb5 59. f7 Kb4 60. f8=Q+ Rxf8 61. Kxf8 a3 62. Rxa3 Kxa3 1/2-1/2

[Event "DSOL 2021"]
[Site "Germany"]
[Date "2021.03.02"]
[Round "5.2"]
[White "Mandelkow, Elias"]
[Black "Azimov, Stanislav"]
[Result "0-1"]
[WhiteElo "1782"]
[BlackElo "1533"]
[Annotator "NA RC"]
[PlyCount "70"]
[EventDate "2021.01.18"]
[EventType "team-tourn"]
[EventCountry "GER"]
[SourceTitle "playchess.com"]
[Source "ChessBase"]
[SourceQuality "1"]

1. d4 Nf6 2. c4 g6 3. Nc3 d5 4. Nf3 Bg7 5. Bf4 O-O 6. e3 c5 7. dxc5 Qa5 8. Qc2 Qxc5 9. Be2 dxc4 10. O-O b5 11. Nd4 Bd7 12. Bf3 Nc6 13. Ndxb5 Rac8 14. Na3 Bf5 15. Qe2 Bd3 16. Qe1 Bxf1 17. Qxf1 Nb4 18. Be2 Nd3 19. Nxc4 Nxf4 20. exf4 Nd5 21. Nxd5 Qxd5 22. Rd1 Qc5 23. b3 Rfd8 24. Bg4 e6 25. Re1 Bc3 26. Rd1 a5 27. g3 Rxd1 28. Qxd1 Bd4 29. Qe2 a4 30. Ne5 Qc1+ 31. Kg2 Rc2 32. Qb5 Rxf2+ 33. Kh3 Rxh2+ 34. Kxh2 Qg1+ 35. Kh3 Qh1# 0-1

[Event "DSOL 2021"]
[Site "Germany"]
[Date "2021.03.05"]
[Round "5.2"]
[White "Killgus, Leonard"]
[Black "Ahlberg, Mario"]
[Result "1-0"]
[WhiteElo "1746"]
[BlackElo "1976"]
[Annotator "TA"]
[PlyCount "57"]
[EventDate "2021.01.18"]
[EventType "team-tourn"]
[EventCountry "GER"]
[SourceTitle "playchess.com"]
[Source "ChessBase"]
[SourceQuality "1"]
[WhiteTeam "SK Johanneum Eppendorf III"]
[BlackTeam "SG Weißensee I"]

1. e4 Nf6 2. e5 Nd5 3. Bc4 Nb6 4. Bb3 d6 5. d4 g6 6. Qf3 d5 7. Ne2 Bg7 8. Nbc3 c6 9. O-O O-O 10. Qg3 f6 11. exf6 exf6 12. Bf4 Be6 13. Ne4 Na6 14. Rfe1 Qd7 15. Nc5 Nxc5 16. dxc5 Nc8 17. Nd4 Bf7 18. c3 b6 19. Ba4 b5 20. Bc2 a5 21. h4 Kh8 22. h5 g5 23. h6 Bxh6 24. Qh2 gxf4 25. Qxh6 Bg8 26. Qxf8 Qf7 27. Re8 Qxf8 28. Rxf8 Kg7 29. Rd8 1-0

[Event "DSOL 2021"]
[Site "Germany"]
[Date "2021.03.03"]
[Round "5.2"]
[White "Mark, Philipp"]
[Black "Thieu, Nguyen Gia Bao"]
[Result "1/2-1/2"]
[WhiteElo "1702"]
[BlackElo "1839"]
[Annotator "NA RC"]
[PlyCount "91"]
[EventDate "2021.01.18"]
[EventType "team-tourn"]
[EventCountry "GER"]
[SourceTitle "playchess.com"]
[Source "ChessBase"]
[SourceQuality "1"]

1. d4 Nf6 2. c4 e6 3. Nc3 Bb4 4. e3 c5 5. Nge2 O-O 6. a3 Bxc3+ 7. Nxc3 cxd4 8. exd4 d5 9. c5 Ne4 10. Bd3 f5 11. O-O Nc6 12. f3 Nf6 13. Be3 Nh5 14. Bf2 f4 15. b4 Qg5 16. Re1 Rf6 17. Qc2 g6 18. b5 Ne7 19. Re5 Nf5 20. c6 Qh6 21. Rae1 Nhg7 22. Na4 b6 23. Nc3 g5 24. Na2 Rg6 25. Nb4 g4 26. fxg4 Rxg4 27. Bxf5 Nxf5 28. Rxf5 exf5 29. Nxd5 Qg5 30. Ne7+ Kg7 31. d5 Rxg2+ 32. Kf1 Kh6 33. d6 Rxh2 34. Ke2 Qg4+ 35. Kd3 Qf3+ 36. Kc4 Qxf2 37. Qxf2 Rxf2 38. d7 Bxd7 39. cxd7 Rd2 40. Nxf5+ Kg5 41. Nd4 Rxd4+ 42. Kxd4 Rd8 43. Re7 Kf6 44. Rxh7 Ke6 45. Ke4 Rxd7 46. Rh6+ 1/2-1/2

[Event "DSOL 2021"]
[Site "Germany"]
[Date "2021.03.04"]
[Round "5.2"]
[White "Schmitzer, Klaus"]
[Black "Laux, Dominik"]
[Result "0-1"]
[WhiteElo "1678"]
[BlackElo "2085"]
[Annotator "TA"]
[PlyCount "70"]
[EventDate "2021.01.18"]
[EventType "team-tourn"]
[EventCountry "GER"]
[SourceTitle "playchess.com"]
[Source "ChessBase"]
[SourceQuality "1"]

1. e4 c6 2. d4 d5 3. e5 Bf5 4. Be2 e6 5. Nf3 Ne7 6. O-O c5 7. c4 Nbc6 8. dxc5 d4 9. Re1 Ng6 10. Bg5 Qd7 11. a3 a5 12. Bd3 Bxc5 13. Bxf5 exf5 14. h4 Nf8 15. Qd3 h6 16. Bf4 g6 17. Nbd2 Ne6 18. Bh2 a4 19. h5 O-O 20. hxg6 fxg6 21. b4 axb3 22. Qxb3 Qe7 23. a4 Bb4 24. Rab1 Nc5 25. Qc2 Rxa4 26. Ra1 d3 27. Qb2 Rxa1 28. Rxa1 f4 29. Nb3 Ne4 30. Rd1 Nc3 31. Rxd3 Nxe5 32. Nxe5 Qxe5 33. Re3 Rd8 34. Qc2 Qf5 35. Qxf5 Rd1+ 0-1

[Event "DSOL 2021"]
[Site "Germany"]
[Date "2021.03.05"]
[Round "5.2"]
[White "Farokhi, Keyvan"]
[Black "Kuever, Bastian"]
[Result "0-1"]
[WhiteElo "1643"]
[BlackElo "2065"]
[Annotator "TA"]
[PlyCount "114"]
[EventDate "2021.01.18"]
[EventType "team-tourn"]
[EventCountry "GER"]
[SourceTitle "playchess.com"]
[Source "ChessBase"]
[SourceQuality "1"]
[WhiteTeam "SK Doppelbauer Kiel"]
[BlackTeam "SK Ludwigshafen II"]

1. e4 c6 2. d4 d5 3. exd5 cxd5 4. c4 e6 5. Nc3 Nf6 6. Bg5 Be7 7. Nf3 O-O 8. Bd3 dxc4 9. Bxc4 Nc6 10. O-O a6 11. a4 h6 12. Be3 Qc7 13. Qe2 Rd8 14. Rac1 Qa5 15. Rfd1 Nd5 16. Nxd5 exd5 17. Bb3 Be6 18. Bc2 Nb4 19. Bd2 Qb6 20. Bb1 Rac8 21. Bc3 Bf6 22. Ne5 Bg5 23. Bd2 Bxd2 24. Qxd2 a5 25. Qe3 Nc6 26. Nxc6 Rxc6 27. Rxc6 Qxc6 28. Qb3 Rc8 29. Bd3 Bd7 30. Ra1 Rb8 31. h3 Rc8 32. Bb5 Qe6 33. Bxd7 Qxd7 34. Qb6 Qc7 35. Qb5 Rd8 36. Re1 b6 37. g3 Qd6 38. Rc1 Qe6 39. h4 Rd6 40. b4 axb4 41. Qxb4 g6 42. Re1 Qd7 43. Rb1 Qe6 44. Qd2 h5 45. Rb5 Rc6 46. Kh2 Qf5 47. Rb2 Rf6 48. Qe3 Re6 49. Qg5 Qf3 50. Qd2 Kh7 51. Kg1 Kg7 52. a5 bxa5 53. Qxa5 g5 54. Qd2 gxh4 55. Qg5+ Kh7 56. Qd2 h3 57. Qc2+ Re4 0-1

[Event "DSOL 2021"]
[Site "Germany"]
[Date "2021.03.02"]
[Round "5.2"]
[White "Jurkic, Zarko"]
[Black "Krueger, Simon"]
[Result "1-0"]
[WhiteElo "1620"]
[BlackElo "2011"]
[Annotator "TA"]
[PlyCount "99"]
[EventDate "2021.01.18"]
[EventType "team-tourn"]
[EventCountry "GER"]
[SourceTitle "playchess.com"]
[Source "ChessBase"]
[SourceQuality "1"]

1. c4 g6 2. Nc3 Bg7 3. d4 Nf6 4. Bg5 O-O 5. Bxf6 Bxf6 6. e4 c5 7. d5 d6 8. f4 Qa5 9. Qd2 Bg4 10. Bd3 a6 11. Nge2 b5 12. O-O bxc4 13. Bxc4 Qb4 14. Qd3 Nd7 15. Rab1 Nb6 16. b3 Rfb8 17. h3 Bc8 18. Rfc1 Nxc4 19. bxc4 Qa3 20. Qc2 Rb4 21. Rb3 Rxb3 22. axb3 Rb8 23. Rb1 Bd7 24. Nc1 a5 25. Kh1 a4 26. Nb5 Bxb5 27. bxa4 Bxa4 28. Rxb8+ Kg7 29. Nb3 h6 30. g4 g5 31. f5 Be5 32. Kg2 Kf6 33. Kf3 Bd4 34. Ke2 Ke5 35. Kf3 Kf6 36. Ke2 Be5 37. Qb1 Bd7 38. Rh8 Kg7 39. Rb8 Kf6 40. Rh8 Kg7 41. Rb8 Bc3 42. Kf3 Ba4 43. Rb7 Kf6 44. Ke2 Kg7 45. Kf3 Kg8 46. Rb8+ Kh7 47. f6 exf6 48. e5+ Kg7 49. e6 Bb4 50. exf7 1-0

[Event "DSOL 2021"]
[Site "Germany"]
[Date "2021.03.02"]
[Round "5.2"]
[White "Beinrucker, Markus"]
[Black "Becker, Volker"]
[Result "0-1"]
[WhiteElo "1588"]
[BlackElo "2010"]
[Annotator "TA"]
[PlyCount "108"]
[EventDate "2021.01.18"]
[EventType "team-tourn"]
[EventCountry "GER"]
[SourceTitle "playchess.com"]
[Source "ChessBase"]
[SourceQuality "1"]

1. d4 Nf6 2. Bf4 d5 3. e3 Bf5 4. Bd3 Bxd3 5. Qxd3 c6 6. Nd2 Nbd7 7. Ngf3 e6 8. h3 Be7 9. g4 Qb6 10. Qb3 c5 11. c3 Qa6 12. g5 Nh5 13. Bh2 Rc8 14. h4 h6 15. O-O-O c4 16. Qc2 Qxa2 17. e4 Qa1+ 18. Nb1 dxe4 19. Qxe4 Rc6 20. Rhg1 Rb6 21. Rd2 Ba3 22. bxa3 Rxb1+ 23. Qxb1 Qxc3+ 24. Qc2 Qxa3+ 25. Kb1 Qxf3 26. gxh6 Rxh6 27. Re1 Nb6 28. d5 Nxd5 29. Qxc4 Nhf6 30. Bd6 Kd7 31. Be5 Ke7 32. Qc5+ Kd7 33. Qc7+ Ke8 34. Qc8+ Ke7 35. Qxb7+ Nd7 36. Qb2 Qf5+ 37. Ka1 Rxh4 38. Bd4 Rh3 39. Bxa7 Qf3 40. Be3 Rh4 41. Qa3+ Ke8 42. Qa8+ Ke7 43. Bg5+ f6 44. Bxh4 Qc3+ 45. Kb1 Qxd2 46. Qa3+ Kf7 47. Rc1 Ne5 48. Rc2 Qd1+ 49. Rc1 Qd4 50. Bg3 Nc4 51. Qa1 Qd3+ 52. Ka2 Qa3+ 53. Kb1 Qb3+ 54. Qb2 Qxb2# 0-1

[Event "DSOL 2021"]
[Site "Germany"]
[Date "2021.03.04"]
[Round "5.2"]
[White "Maier, Michael"]
[Black "Alexopoulos, Spiros Orestis"]
[Result "1-0"]
[WhiteElo "1588"]
[BlackElo "1911"]
[Annotator "TA"]
[PlyCount "31"]
[EventDate "2021.01.18"]
[EventType "team-tourn"]
[EventCountry "GER"]
[SourceTitle "playchess.com"]
[Source "ChessBase"]
[SourceQuality "1"]

1. e4 e6 2. d4 d5 3. Nc3 Bb4 4. e5 c5 5. a3 Bxc3+ 6. bxc3 Nc6 7. Bb5 Bd7 8. Bxc6 Bxc6 9. Ne2 cxd4 10. cxd4 Ne7 11. Bg5 O-O 12. Bxe7 Qxe7 13. O-O Bb5 14. Re1 Rac8 15. Qd2 Rxc2 16. Qxc2 1-0

[Event "DSOL 2021"]
[Site "Germany"]
[Date "2021.03.02"]
[Round "5.2"]
[White "Bargsten, Justus"]
[Black "Morczynski, Joachim"]
[Result "1-0"]
[WhiteElo "1576"]
[BlackElo "1749"]
[Annotator "NA RC"]
[PlyCount "73"]
[EventDate "2021.01.18"]
[EventType "team-tourn"]
[EventCountry "GER"]
[SourceTitle "playchess.com"]
[Source "ChessBase"]
[SourceQuality "1"]

1. e4 c5 2. Nf3 Nc6 3. Nc3 g6 4. d4 cxd4 5. Nxd4 Bg7 6. Be3 d6 7. Bc4 Bd7 8. Qd2 Nf6 9. f3 O-O 10. O-O-O a6 11. g4 b5 12. Bb3 b4 13. Nd5 a5 14. Nxc6 Bxc6 15. Bd4 Bxd5 16. Bxd5 Rc8 17. Rhe1 Qc7 18. Bb3 Qc6 19. g5 Nh5 20. Bxg7 Nxg7 21. Qd5 Qxd5 22. Rxd5 Ra8 23. f4 Rfc8 24. Ba4 Ne6 25. Bd7 Rc4 26. Bb5 Rc7 27. f5 Nf4 28. Rd4 Rac8 29. Rd2 Rc5 30. Rf1 Nh3 31. Bd3 Nxg5 32. h4 Nxe4 33. Bxe4 Rc4 34. fxg6 hxg6 35. Bd5 Rxh4 36. Rxf7 Rh1+ 37. Rf1+ 1-0

[Event "DSOL 2021"]
[Site "Germany"]
[Date "2021.03.05"]
[Round "5.2"]
[White "Sickmann, Lisa"]
[Black "Zipfel, Frank"]
[Result "0-1"]
[WhiteElo "1510"]
[BlackElo "1525"]
[Annotator "NA RC"]
[PlyCount "54"]
[EventDate "2021.01.18"]
[EventType "team-tourn"]
[EventCountry "GER"]
[SourceTitle "playchess.com"]
[Source "ChessBase"]
[SourceQuality "1"]
[WhiteTeam "Lübecker SV"]
[BlackTeam "fuß brothers Jena I"]

1. e4 c5 2. Nf3 Nc6 3. d4 cxd4 4. Nxd4 e5 5. Nb5 d6 6. c4 Be7 7. N1c3 a6 8. Na3 f5 9. exf5 Bxf5 10. Be2 Nf6 11. O-O O-O 12. Nc2 Bxc2 13. Qxc2 Nd4 14. Qd3 Rc8 15. Be3 d5 16. cxd5 Nxd5 17. Bxd4 Nf4 18. Qe4 exd4 19. Rfd1 Bc5 20. g3 Nh3+ 21. Kg2 Nxf2 22. Qe6+ Kh8 23. Rd2 Qg5 24. Nb1 Rce8 25. Qd7 Re7 26. Qa4 Qd5+ 27. Kg1 Qh1# 0-1

[Event "DSOL 2021"]
[Site "Germany"]
[Date "2021.03.03"]
[Round "5.2"]
[White "Manusina, Nicole"]
[Black "Dietz, Juergen"]
[Result "0-1"]
[WhiteElo "1493"]
[BlackElo "2146"]
[Annotator "TA"]
[PlyCount "104"]
[EventDate "2021.01.18"]
[EventType "team-tourn"]
[EventCountry "GER"]
[SourceTitle "playchess.com"]
[Source "ChessBase"]
[SourceQuality "1"]

1. d4 f5 2. g3 Nf6 3. Bg2 g6 4. Nf3 Bg7 5. O-O O-O 6. c4 d6 7. Nc3 c6 8. Qc2 Na6 9. a3 Qe8 10. d5 e5 11. dxe6 Bxe6 12. Bf4 Rd8 13. Rad1 Qe7 14. b3 d5 15. cxd5 Nxd5 16. Nxd5 Bxd5 17. Bg5 Bf6 18. Bxf6 Rxf6 19. b4 Nc7 20. Rd2 Rfd6 21. Rfd1 Qf6 22. a4 Kg7 23. Qc5 b6 24. Qd4 Qxd4 25. Rxd4 Ne6 26. R4d2 Kf6 27. Ne1 Bb3 28. Rxd6 Bxd1 29. Rxd8 Nxd8 30. e4 fxe4 31. Bxe4 Ke5 32. Bc2 Bxc2 33. Nxc2 Kd5 34. Kf1 Kc4 35. Ke2 Kc3 36. Kd1 Ne6 37. f4 b5 38. axb5 cxb5 39. h3 a6 40. Kc1 Nd4 41. Nxd4 Kxd4 42. Kd2 Kc4 43. g4 Kxb4 44. Kd3 Kc5 45. h4 Kd5 46. Ke3 b4 47. Kd3 a5 48. f5 gxf5 49. g5 Ke6 50. h5 Kf7 51. Kd2 f4 52. Kd3 b3 0-1

[Event "DSOL 2021"]
[Site "Germany"]
[Date "2021.03.01"]
[Round "5.2"]
[White "Wendland, Guido"]
[Black "Klugstedt, Vincent"]
[Result "0-1"]
[WhiteElo "1469"]
[BlackElo "1928"]
[Annotator "TA"]
[PlyCount "102"]
[EventDate "2021.01.18"]
[EventType "team-tourn"]
[EventCountry "GER"]
[SourceTitle "playchess.com"]
[Source "ChessBase"]
[SourceQuality "1"]

1. e4 c5 2. f4 Nc6 3. Nf3 g6 4. Nc3 Bg7 5. Bc4 e6 6. a3 Nge7 7. e5 O-O 8. d3 d6 9. exd6 Nf5 10. O-O Nxd6 11. Ba2 b6 12. Ne2 Qc7 13. c3 Ba6 14. Ng3 Rfd8 15. Qc2 Rd7 16. Ng5 h6 17. Nxe6 fxe6 18. Bxe6+ Kh8 19. Bxd7 Qxd7 20. Rf3 Rd8 21. d4 cxd4 22. Qxg6 Ne7 23. Qh5 Bb7 24. Rd3 Nef5 25. Bd2 Qb5 26. Nxf5 Qxd3 27. Nxd6 Rxd6 28. Qe8+ Kh7 29. Qe7 Qe4 30. Qxe4+ Bxe4 31. c4 d3 32. Re1 Bd4+ 33. Kf1 Re6 34. b3 Bf5 35. h3 Rxe1+ 36. Kxe1 Be4 37. g4 Bg2 38. h4 Bh3 39. g5 h5 40. a4 Kg6 41. a5 Kf5 42. axb6 axb6 43. b4 Ke4 44. Kd1 Be6 45. c5 Bg4+ 46. Kc1 bxc5 47. bxc5 Bxc5 48. Kb2 Bd4+ 49. Kb3 Be3 50. Kc3 Bxd2+ 51. Kxd2 Bf5 0-1

[Event "DSOL 2021"]
[Site "Germany"]
[Date "2021.03.05"]
[Round "5.2"]
[White "Muedder, Melanie"]
[Black "Raider, Eugen"]
[Result "0-1"]
[WhiteElo "1374"]
[BlackElo "2005"]
[Annotator "TA"]
[PlyCount "72"]
[EventDate "2021.01.18"]
[EventType "team-tourn"]
[EventCountry "GER"]
[SourceTitle "playchess.com"]
[Source "ChessBase"]
[SourceQuality "1"]
[WhiteTeam "SG Solingen I"]
[BlackTeam "Königsspringer Hamburg"]

1. e4 c5 2. Nf3 e6 3. d4 cxd4 4. Nxd4 a6 5. Nc3 Qc7 6. Qf3 d6 7. Be3 Nd7 8. Qg3 Ngf6 9. O-O-O b5 10. a3 Bb7 11. Qh4 Be7 12. Qg3 Nxe4 13. Nxe4 Bxe4 14. Bd3 Bxd3 15. Rxd3 Ne5 16. Rc3 Nc4 17. Qxg7 Rf8 18. Re1 Rc8 19. Bh6 Kd7 20. h4 Qa5 21. Re2 b4 22. Nb3 Qh5 23. g4 Qxh4 24. Rxc4 Rxc4 25. Rd2 Rfc8 26. Nd4 bxa3 27. bxa3 Qh1+ 28. Kb2 Rb8+ 29. Nb3 Qf3 30. Bg5 Rxg4 31. Ka2 Rxg5 32. Qd4 Qc6 33. Qa7+ Rb7 34. Qe3 Rd5 35. Re2 Bf6 36. Qh6 Qc3 0-1

[Event "DSOL 2021"]
[Site "Germany"]
[Date "2021.03.01"]
[Round "5.2"]
[White "Koch, Moritz"]
[Black "Weber, Marc"]
[Result "1-0"]
[WhiteElo "1314"]
[BlackElo "1749"]
[Annotator "NA RC"]
[PlyCount "91"]
[EventDate "2021.01.18"]
[EventType "team-tourn"]
[EventCountry "GER"]
[SourceTitle "playchess.com"]
[Source "ChessBase"]
[SourceQuality "1"]

1. e4 c5 2. d3 Nc6 3. Nc3 e6 4. g3 d5 5. Bg2 Nf6 6. exd5 Nxd5 7. Nge2 Nf6 8. O-O Be7 9. h3 O-O 10. g4 Qd7 11. Ng3 b6 12. Nce4 Bb7 13. g5 Nxe4 14. dxe4 Qxd1 15. Rxd1 Rfd8 16. Be3 Nb4 17. Rdc1 Rd7 18. a3 Nc6 19. h4 Ne5 20. Re1 Rad8 21. f3 Nc4 22. Bc1 Rd1 23. Kf2 f6 24. Rxd1 Rxd1 25. Bf1 Ne5 26. Be2 Rd8 27. Be3 Nc6 28. Rd1 Rxd1 29. Bxd1 Ba6 30. c3 Ne5 31. Be2 Bxe2 32. Kxe2 fxg5 33. hxg5 Kf7 34. f4 Nc4 35. Bc1 h6 36. gxh6 gxh6 37. Kf3 b5 38. Kg4 Kg6 39. f5+ exf5+ 40. exf5+ Kh7 41. Ne4 Ne5+ 42. Kh5 Nd3 43. Bxh6 Nxb2 44. f6 Bxf6 45. Nxf6+ Kh8 46. Kg6 1-0

[Event "DSOL 2021"]
[Site "Germany"]
[Date "2021.03.03"]
[Round "5.3"]
[White "Lorenz, Roger"]
[Black "Wengler, Joerg"]
[Result "1/2-1/2"]
[WhiteElo "2187"]
[BlackElo "2023"]
[Annotator "TA"]
[PlyCount "72"]
[EventDate "2021.01.18"]
[EventType "team-tourn"]
[EventCountry "GER"]
[SourceTitle "playchess.com"]
[Source "ChessBase"]
[SourceQuality "1"]

1. d4 d5 2. c4 c6 3. Nf3 Nf6 4. Nc3 dxc4 5. a4 Bf5 6. e3 e6 7. Bxc4 Bb4 8. O-O O-O 9. Qe2 Bg6 10. Ne5 Nbd7 11. Nxg6 hxg6 12. Rd1 Qe7 13. e4 e5 14. d5 a5 15. dxc6 bxc6 16. Bg5 Rfd8 17. Bb3 Nc5 18. Bc2 Ne6 19. Be3 Bc5 20. Rxd8+ Rxd8 21. Re1 Bxe3 22. Qxe3 Nd4 23. Bd1 Qb4 24. b3 Rb8 25. Na2 Qd6 26. Nc1 Nd7 27. Qc3 Qc5 28. Re3 Kf8 29. Rh3 Qxc3 30. Rxc3 Ke7 31. f3 Kd6 32. Nd3 f6 33. Nb2 Nb6 34. Nd3 Nd7 35. Nb2 Nb6 36. Nd3 Nd7 1/2-1/2

[Event "DSOL 2021"]
[Site "Germany"]
[Date "2021.03.05"]
[Round "5.3"]
[White "Schimnatkowski, Lukas"]
[Black "Keymer, Vincent"]
[Result "0-1"]
[WhiteElo "2173"]
[BlackElo "2588"]
[Annotator "TA"]
[PlyCount "58"]
[EventDate "2021.01.18"]
[EventType "team-tourn"]
[EventCountry "GER"]
[SourceTitle "playchess.com"]
[Source "ChessBase"]
[SourceQuality "1"]
[WhiteTeam "SF Deizisau I"]
[BlackTeam "Essen-Katernberg I"]

1. e4 c6 2. d4 d5 3. f3 dxe4 4. fxe4 e5 5. Nf3 Bg4 6. Bc4 Nd7 7. c3 Bd6 8. O-O Ngf6 9. Qe1 O-O 10. Bg5 Bxf3 11. Rxf3 Qb6 12. Nd2 exd4 13. cxd4 Qxd4+ 14. Be3 Qxb2 15. Rb1 Qe5 16. Qh4 b5 17. Bb3 Bc5 18. Bxc5 Nxc5 19. Rbf1 Qd4+ 20. Kh1 Qxd2 21. Rxf6 gxf6 22. Qxf6 Nxb3 23. h4 Qd8 24. Qh6 Nd4 25. Rf6 Ne6 26. Rf3 Kh8 27. Rf5 Rg8 28. Rxf7 Rg7 29. Qxe6 Rxf7 0-1

[Event "DSOL 2021"]
[Site "Germany"]
[Date "2021.03.02"]
[Round "5.3"]
[White "Schulz, Michael"]
[Black "Schaefer, Konstantin"]
[Result "0-1"]
[WhiteElo "2168"]
[BlackElo "1754"]
[Annotator "TA"]
[PlyCount "126"]
[EventDate "2021.01.18"]
[EventType "team-tourn"]
[EventCountry "GER"]
[SourceTitle "playchess.com"]
[Source "ChessBase"]
[SourceQuality "1"]

1. d4 Nf6 2. Bg5 Ne4 3. Bf4 c5 4. f3 Qa5+ 5. c3 Nf6 6. d5 Qb6 7. e4 Qxb2 8. Nd2 Qxc3 9. Bc7 b6 10. Rc1 Qa5 11. Be5 Ba6 12. Bc3 Qa3 13. Nc4 Bxc4 14. Bxc4 e6 15. Ne2 Na6 16. dxe6 fxe6 17. e5 Nd5 18. Bxd5 exd5 19. Qxd5 Nc7 20. Qb7 Qa6 21. Qe4 O-O-O 22. O-O Qb7 23. Qxb7+ Kxb7 24. Rcd1 Kc6 25. f4 Nd5 26. Rf3 g6 27. Bb2 Bg7 28. Rfd3 Ne7 29. Rd6+ Kc7 30. Nc3 a6 31. a4 Rhe8 32. a5 Nc8 33. axb6+ Nxb6 34. Ba3 Bf8 35. Rf6 Re6 36. Rf7 Nc4 37. Bc1 h5 38. Nd5+ Kc6 39. Nf6 Re7 40. Rxe7 Bxe7 41. Nd5 Bf8 42. Kf2 a5 43. h3 a4 44. g4 hxg4 45. hxg4 a3 46. f5 Nxe5 47. Bxa3 Nxg4+ 48. Kg3 gxf5 49. Kf4 Ra8 50. Bb2 Ra2 51. Kxf5 Rxb2 52. Kxg4 Re2 53. Kf3 Re5 54. Ne3 d5 55. Rg1 c4 56. Rg8 Bc5 57. Rc8+ Kb5 58. Rb8+ Ka4 59. Nd1 Bd4 60. Kf4 Re1 61. Nb2+ Bxb2 62. Rxb2 c3 63. Rc2 Kb3 0-1

[Event "DSOL 2021"]
[Site "Germany"]
[Date "2021.03.04"]
[Round "5.3"]
[White "Einwiller, Bernd"]
[Black "Schwingen, Dominik"]
[Result "0-1"]
[WhiteElo "2160"]
[BlackElo "1923"]
[Annotator "TA"]
[PlyCount "96"]
[EventDate "2021.01.18"]
[EventType "team-tourn"]
[EventCountry "GER"]
[SourceTitle "playchess.com"]
[Source "ChessBase"]
[SourceQuality "1"]

1. c4 e6 2. Nf3 d5 3. b3 Nf6 4. g3 c5 5. Bg2 Nc6 6. O-O Be7 7. d3 O-O 8. Nc3 b6 9. e4 d4 10. Ne2 e5 11. h3 h6 12. Nh4 Nh7 13. Nf5 Bxf5 14. exf5 Rc8 15. f4 exf4 16. Bxf4 Bg5 17. Qd2 Re8 18. Rae1 Ne5 19. h4 Bxf4 20. Nxf4 Qd6 21. Qe2 Nf6 22. Nd5 Neg4 23. Nxf6+ Nxf6 24. Qf3 Qd7 25. Bh3 Rxe1 26. Rxe1 Re8 27. Rxe8+ Qxe8 28. Kf2 h5 29. Qe2 Qxe2+ 30. Kxe2 Ng4 31. Bg2 Kf8 32. Be4 Ke7 33. Kf3 Ne5+ 34. Kf4 f6 35. Bf3 Nxd3+ 36. Ke4 Nc1 37. b4 cxb4 38. Kxd4 Nxa2 39. c5 bxc5+ 40. Kxc5 b3 41. Kc4 b2 42. Be4 Kd6 43. Kb3 Ke5 44. Bb1 Nc1+ 45. Kxb2 Ne2 46. Bc2 Nxg3 47. Kc3 Nxf5 48. Bd1 g6 0-1

[Event "DSOL 2021"]
[Site "Germany"]
[Date "2021.03.02"]
[Round "5.3"]
[White "Sonnenschein, Philipp"]
[Black "Ottmann, Martin"]
[Result "1-0"]
[WhiteElo "2149"]
[BlackElo "2128"]
[Annotator "TA"]
[PlyCount "69"]
[EventDate "2021.01.18"]
[EventType "team-tourn"]
[EventCountry "GER"]
[SourceTitle "playchess.com"]
[Source "ChessBase"]
[SourceQuality "1"]

1. e4 e5 2. Nf3 Nf6 3. Nxe5 d6 4. Nf3 Nxe4 5. Bd3 Nf6 6. O-O Be7 7. c3 Bg4 8. Bc2 O-O 9. d4 d5 10. Nbd2 Re8 11. Re1 Nbd7 12. Nf1 Nf8 13. Ng3 Bd6 14. Rxe8 Qxe8 15. Be3 Bxg3 16. hxg3 Ne4 17. Qd3 Ng6 18. Re1 Qd7 19. c4 Bf5 20. Qb3 c6 21. Bd3 dxc4 22. Bxc4 Nf6 23. Ne5 Nxe5 24. dxe5 Nd5 25. Bc5 Be6 26. Qc2 a5 27. Bd3 g6 28. Rd1 Bf5 29. Qc4 Bxd3 30. Rxd3 Qf5 31. Bd6 a4 32. Rf3 Qb1+ 33. Kh2 Qxb2 34. Qg4 Qe2 35. Qd7 1-0

[Event "DSOL 2021"]
[Site "Germany"]
[Date "2021.03.05"]
[Round "5.3"]
[White "Jagodzinsky, Andreas"]
[Black "Gross, Thorsten"]
[Result "1-0"]
[WhiteElo "2147"]
[BlackElo "2141"]
[Annotator "TA"]
[PlyCount "61"]
[EventDate "2021.01.18"]
[EventType "team-tourn"]
[EventCountry "GER"]
[SourceTitle "playchess.com"]
[Source "ChessBase"]
[SourceQuality "1"]
[WhiteTeam "SV Hemer"]
[BlackTeam "SC Weisse Dame"]

1. d4 Nf6 2. Nf3 e6 3. e3 b6 4. Bd3 Bb7 5. Nbd2 c5 6. O-O Be7 7. b3 O-O 8. Bb2 d6 9. Qe2 Nbd7 10. c4 Qc7 11. Rac1 Rac8 12. e4 cxd4 13. Nxd4 Qb8 14. f4 Rfd8 15. Kh1 Bf8 16. Bb1 e5 17. Nf5 g6 18. Ng3 Bg7 19. fxe5 Nxe5 20. Nf3 Nfd7 21. Rcd1 Qc7 22. Nd4 a6 23. Ba3 Nc5 24. Ndf5 Bf8 25. Ne3 b5 26. Nd5 Bxd5 27. cxd5 Qe7 28. Bc1 Bg7 29. Rf2 Rf8 30. Rdf1 Ng4 31. Qxg4 1-0

[Event "DSOL 2021"]
[Site "Germany"]
[Date "2021.03.04"]
[Round "5.3"]
[White "Schoeneberg, Manfred"]
[Black "Schmid, Anton"]
[Result "1/2-1/2"]
[WhiteElo "2133"]
[BlackElo "1852"]
[Annotator "TA"]
[PlyCount "110"]
[EventDate "2021.01.18"]
[EventType "team-tourn"]
[EventCountry "GER"]
[SourceTitle "playchess.com"]
[Source "ChessBase"]
[SourceQuality "1"]

1. e4 c5 2. Nf3 Nc6 3. Bb5 g6 4. O-O Bg7 5. c3 e5 6. d3 Nge7 7. Be3 d6 8. d4 exd4 9. cxd4 O-O 10. Nc3 cxd4 11. Nxd4 Ne5 12. h3 a6 13. Be2 Bd7 14. f4 N5c6 15. Nb3 d5 16. Nxd5 Nxd5 17. exd5 Ne7 18. Qd2 Nf5 19. Bf2 Nd6 20. Bd3 Re8 21. Rfe1 Rc8 22. Rxe8+ Bxe8 23. Rc1 Rxc1+ 24. Qxc1 Nf5 25. Bxf5 gxf5 26. Qd2 Bb5 27. a4 Bc4 28. Qe3 Bxd5 29. Nd4 Be4 30. b4 Qd5 31. Nf3 Qd1+ 32. Kh2 Qxa4 33. Qb6 h6 34. Qd8+ Kh7 35. Qe7 Qc6 36. Qxf7 Qd6 37. Ne5 Qf6 38. Qxf6 Bxf6 39. Bd4 Kg7 40. g4 Kg8 41. gxf5 Bxf5 42. Ng4 Bxd4 43. Nxh6+ Kf8 44. Nxf5 Bc3 45. Nd6 Bxb4 46. Nxb7 Ke7 47. f5 Kd7 48. h4 Kc7 49. h5 Kxb7 50. f6 Bf8 51. Kg3 a5 52. Kg4 a4 53. Kg5 a3 54. h6 Bxh6+ 55. Kxh6 a2 1/2-1/2